Qatar 2026 World Cup Squad - Statistics

General Stats
  • This quiz has been taken 2 times
  • The average score is 8 of 35
Answer Stats
Hint Answer % Correct
FW Akram Afif
100%
MF Abdulaziz Hatem
50%
MF Ahmed Fathy
50%
FW Almoez Ali
50%
DF Boualem Khoukhi
50%
FW Edmilson Junior
50%
DF Jassem Gaber
50%
MF Karim Boudiaf
50%
DF Lucas Mendes
50%
GK Meshaal Barsham
50%
FW Mohammed Muntari
50%
DF Pedro Miguel
50%
GK Salah Zakaria
50%
DF Sultan Al Brake
50%
FW Ahmed Alaaeldin
0%
FW Ahmed Alganehi
0%
MF Assim Mabido
0%
MF Ayoub Al Ouwi
0%
DF Bassam Hissam
0%
DF Gueye Laye
0%
DF Hashmi Hussain
0%
FW Hassan Al Haidos
0%
DF Homam Ahmed
0%
Julen Lopetegui
0%
GK Mahmud Abunada
0%
MF Mohamed Almanai
0%
MF Mohammed Abdulwahhab
0%
FW Mubarak Shanan
0%
DF Niall Mason
0%
DF Rayyan Al Ali
0%
FW Sebastian Soria
0%
GK Shebab Mamdouth Ellethy
0%
FW Tahsin Jamshid
0%
DF Tarek Salman
0%
FW Youssef Abdurisag
0%
No matching quizzes found
Score Distribution
Percent of People with Each Score
Percentile by Number Answered
Your Score History
You have not taken this quiz